000
00247nam a22001097a 4500
999
_c
261812
_d
261811
020
_a
0590494619
100
_a
Scholastic
245
_a
The Scholastic Rhyming Dictionary
260
_a
New York
_b
Scholastic
_c
1994
300
_a
154 pgs
942
_c
BK